000 00648nam a2200193Ia 4500
005 20250508155158.0
008 008 250505s9999 xx 000 0 eng d
037 _aBooks to be hide in OPAC
040 _aFEDL
_beng
_cFEDL
041 _aeng
_2eng
084 _a150, AME/O
_qFEDL
100 _aHolland John L
_9766734
245 0 _aSome explorations of theory of vocational choice: One and two-year longitudinal studies
260 _aWashington, USA
_bAmerican Psychological Association
_c1962
300 _a49p.
546 _aPsychological Monographs General and Applied
942 _cHB
_h150, AME/O
999 _c1354947
_d1354947